Walhalla : literarische Parodien /

Bibliographic Details
Main Author: Bieler, Manfred, 1934-2002
Format: Book
Language:German
Published: Hamburg : Hoffmann und Campe, [1988]
Subjects:

MARC

Tag First Indicator Second Indicator Subfields
LEADER 00000cam a2200000 a 4500
001 in00000027039
005 20151007055850.0
008 880708s1988 gw 00010 ger d
020 |a 3455019056 
035 |a (OCoLC)18189650 
035 |9 AAB9486AM 
040 |a AZU  |c AZU  |d TXA  |d UtOrBLW 
049 |a TXAM  |c [A11075162] 
050 4 |a PT2662.I38  |b W3 1988 
100 1 |a Bieler, Manfred,  |d 1934-2002. 
245 1 0 |a Walhalla :  |b literarische Parodien /  |c Manfred Bieler. 
264 1 |a Hamburg :  |b Hoffmann und Campe,  |c [1988] 
264 4 |c ©1988 
300 |a 142 pages ;  |c 20 cm. 
336 |a text  |b txt  |2 rdacontent 
337 |a unmediated  |b n  |2 rdamedia 
338 |a volume  |b nc  |2 rdacarrier 
650 0 |a German literature  |y 20th century  |x Anecdotes. 
999 |a MARS 
999 f f |s 23c42720-14ea-3afc-ac13-081a09f4466c  |i 146d2bc8-a318-3304-bdcc-a7c08f560520  |t 0 
952 f f |p ric  |a Texas A&M University  |b Rellis Campus  |c Joint Library Facility  |d Remote Storage  |t 0  |e PT2662.I38 W3 1988  |h Library of Congress classification  |i unmediated -- volume  |m A14811075162 
998 f f |a PT2662.I38 W3 1988  |t 0  |l Remote Storage